<?xml version="1.0" encoding="UTF-8"?>
<record
    xmlns:xsi="http://www.w3.org/2001/XMLSchema-instance"
    xsi:schemaLocation="http://www.loc.gov/MARC21/slim http://www.loc.gov/standards/marcxml/schema/MARC21slim.xsd"
    xmlns="http://www.loc.gov/MARC21/slim">

  <leader>02690nam a22002657a 4500</leader>
  <controlfield tag="005">20240305165630.0</controlfield>
  <controlfield tag="007">cr||||   |||| </controlfield>
  <controlfield tag="008">220413s2020    es |||||s|||| 00||0 spa d</controlfield>
  <datafield tag="020" ind1=" " ind2=" ">
    <subfield code="a">978-84-122314-4-1</subfield>
  </datafield>
  <datafield tag="035" ind1=" " ind2=" ">
    <subfield code="a">35573</subfield>
  </datafield>
  <datafield tag="040" ind1=" " ind2=" ">
    <subfield code="a">vLex</subfield>
  </datafield>
  <datafield tag="090" ind1=" " ind2=" ">
    <subfield code="c">13182</subfield>
    <subfield code="d">13182</subfield>
  </datafield>
  <datafield tag="100" ind1="1" ind2=" ">
    <subfield code="a">Cerrada Moreno, Manuel</subfield>
  </datafield>
  <datafield tag="245" ind1="1" ind2="0">
    <subfield code="a">Criminalidad organizada</subfield>
    <subfield code="h">[Recurso electr&#xF3;nico] :</subfield>
    <subfield code="b">Tratamiento policial y judicial /</subfield>
    <subfield code="c">Manuel Cerrada Moreno</subfield>
  </datafield>
  <datafield tag="256" ind1=" " ind2=" ">
    <subfield code="a">Servicio en l&#xED;nea</subfield>
  </datafield>
  <datafield tag="260" ind1=" " ind2=" ">
    <subfield code="a">Barcelona:</subfield>
    <subfield code="b">J.M. Bosch Editor,</subfield>
    <subfield code="c">2020</subfield>
  </datafield>
  <datafield tag="300" ind1=" " ind2=" ">
    <subfield code="a">1 recurso electr&#xF3;nico</subfield>
  </datafield>
  <datafield tag="500" ind1=" " ind2=" ">
    <subfield code="a">Este libro aborda el tratamiento policial y judicial del fen&#xF3;meno de la criminalidad organizada, aunando el enfoque estrictamente jur&#xED;dico con el criminol&#xF3;gico para arrojar una visi&#xF3;n pr&#xE1;ctica y clarifi cadora del panorama, que debido a las sucesivas reformas legales, la t&#xE9;cnica legislativa empleada y la confl uencia del ordenamiento espa&#xF1;ol con el internacional, puede resultar confuso en muchos aspectos. Este estudio tiene en cuenta las disposiciones contenidas en las normas sustantivas y procesales espa&#xF1;olas, as&#xED; como la copiosa jurisprudencia que las desarrolla, pero tambi&#xE9;n el contexto normativo de la Uni&#xF3;n Europea y de las Naciones Unidas, dando respuesta a cuestiones pr&#xE1;cticas como la distinci&#xF3;n entre los supuestos de mera codelincuencia y los de aut&#xE9;ntica criminalidad organizada, distinguiendo dentro de &#xE9;sta entre organizaciones y grupos criminales, estudiando las distintas agravaciones penol&#xF3;gicas y fi jando los criterios para la resoluci&#xF3;n de los problemas concursales que pueden surgir. Se estudian asimismo los puntos de confl uencia y las diferencias entre criminalidad organizada y terrorismo, prestando especial atenci&#xF3;n al tratamiento procesal diferenciado que reciben estas fi guras frente a la delincuencia ordinaria. La presente obra pretende por tanto ser interesante para el estudioso de estos fen&#xF3;menos, pero tambi&#xE9;n constituir un compendio &#xFA;til para clarifi car conceptos, pudiendo utilizarse a modo de gu&#xED;a pr&#xE1;ctica por los aplicadores de las normas jur&#xED;dicas, como Fuerzas y Cuerpos de Seguridad, Jueces y Magistrados, Fiscales y, c&#xF3;mo no, Abogados penalistas.</subfield>
  </datafield>
  <datafield tag="506" ind1="1" ind2=" ">
    <subfield code="a">Disponible solo en los productos indicados</subfield>
    <subfield code="d">vLex Global</subfield>
    <subfield code="d">vLex Global (Academic Edition, excluding Law Schools)</subfield>
    <subfield code="d">vLex Global (U.S. Academic Edition, Law Schools)</subfield>
    <subfield code="d">vLex Global (U.S. Academic Edition, excluding Law Schools)</subfield>
    <subfield code="d">vLex Global (Academic Edition, Law Schools)</subfield>
  </datafield>
  <datafield tag="650" ind1="0" ind2="4">
    <subfield code="a">Derecho Penal</subfield>
    <subfield code="z">Espa&#xF1;a</subfield>
  </datafield>
  <datafield tag="650" ind1="0" ind2="4">
    <subfield code="a">Procedimiento Penal</subfield>
    <subfield code="z">Espa&#xF1;a</subfield>
  </datafield>
  <datafield tag="740" ind1="0" ind2=" ">
    <subfield code="a">vLex Libros (Servicio en l&#xED;nea)</subfield>
  </datafield>
  <datafield tag="856" ind1="4" ind2="0">
    <subfield code="u">https://app.vlex.com/#/sources/35573</subfield>
  </datafield>
  <datafield tag="942" ind1=" " ind2=" ">
    <subfield code="c">RAA</subfield>
  </datafield>
  <datafield tag="952" ind1=" " ind2=" ">
    <subfield code="0">0</subfield>
    <subfield code="1">0</subfield>
    <subfield code="4">0</subfield>
    <subfield code="7">0</subfield>
    <subfield code="8">VLEX</subfield>
    <subfield code="9">329340</subfield>
    <subfield code="a">BD-UIN</subfield>
    <subfield code="b">BD-UIN</subfield>
    <subfield code="d">2024-03-05</subfield>
    <subfield code="l">0</subfield>
    <subfield code="p">35573</subfield>
    <subfield code="r">2024-03-05</subfield>
    <subfield code="w">2024-03-05</subfield>
    <subfield code="y">RAA</subfield>
  </datafield>
  <datafield tag="999" ind1=" " ind2=" ">
    <subfield code="c">171418</subfield>
    <subfield code="d">171418</subfield>
  </datafield>
</record>
